[Event "Lorca op 7th"]
[Site "Lorca"]
[Date "2018.12.26"]
[Round "1"]
[White "Oviedo Rodriguez, Miguel Angel"]
[Black "Merario Alarcon, Andres"]
[Result "0-1"]
[WhiteElo "1930"]
[BlackElo "2404"]
[PlyCount "121"]
[EventDate "2018.12.26"]
[EventType "swiss"]
[EventRounds "9"]
[EventCountry "ESP"]
[SourceTitle "CBM 188 Extra"]
[Source "ChessBase"]
[SourceDate "2019.02.26"]
[SourceVersion "1"]
[SourceVersionDate "2019.02.26"]
[SourceQuality "1"]

1. d4 d5 2. c4 e6 3. Nf3 Nf6 4. cxd5 exd5 5. Bg5 c6 6. Nc3 h6 7. Bh4 Bf5 8. Qb3 g5 9. Bg3 Qb6 10. Qxb6 axb6 11. Rc1 Nh5 12. e3 Nxg3 13. hxg3 Bg7 14. Be2 Nd7 15. Nd2 b5 16. g4 Bg6 17. a3 Nb6 18. Nf1 Nc4 19. Bxc4 bxc4 20. Ng3 Kd7 21. f3 Bf6 22. Kf2 Ra6 23. Rcd1 Bd3 24. Rh2 Rb6 25. Na4 Rb5 26. Rd2 b6 27. Nc3 Rb3 28. Nge2 Bxe2 29. Nxe2 Ke6 30. Nc1 Rb5 31. Ne2 c5 32. Rh1 Bg7 33. Rhd1 Rd8 34. Nc3 Rb3 35. Ne2 cxd4 36. Nxd4+ Bxd4 37. exd4 b5 38. Re1+ Kf6 39. Re3 Rxe3 40. Kxe3 Re8+ 41. Kf2 Re6 42. Re2 Rd6 43. Re5 Kg7 44. Re8 b4 45. axb4 Rb6 46. Rd8 Rb5 47. Ke3 Kf6 48. g3 Ke7 49. Ra8 Rxb4 50. Ra5 Rb3+ 51. Ke2 Rxb2+ 52. Ke3 Rb3+ 53. Ke2 Kd6 54. Ra6+ Kd7 55. Rxh6 Rd3 56. Ra6 Rxd4 57. Rb6 c3 58. Rb1 Rd2+ 59. Ke3 d4+ 60. Ke4 c2 61. Rc1 0-1

[Event "Lorca op 4th"]
[Site "Lorca"]
[Date "2015.12.27"]
[Round "3"]
[White "Ramiro Ovejero, Juan Luis"]
[Black "Oviedo Rodriguez, Miguel Angel"]
[Result "1/2-1/2"]
[WhiteElo "2377"]
[BlackElo "2059"]
[PlyCount "107"]
[EventDate "2015.12.26"]
[EventType "swiss"]
[EventRounds "9"]
[EventCountry "ESP"]
[SourceTitle "CBM 170 Extra"]
[Source "ChessBase"]
[SourceDate "2016.02.25"]
[SourceVersion "1"]
[SourceVersionDate "2016.02.25"]
[SourceQuality "1"]

1. e4 e5 2. Nf3 Nc6 3. Bc4 Bc5 4. c3 Nf6 5. d3 d6 6. h3 0-0 7. Nbd2 Re8 8. 0-0 Be6 9. Re1 a6 10. Bb3 Bxb3 11. axb3 d5 12. Qe2 dxe4 13. dxe4 Qd7 14. Nf1 Rad8 15. Bg5 Qe6 16. b4 Bf8 17. Ne3 Ne7 18. Bxf6 gxf6 19. Nh4 Ng6 20. Nhf5 Nf4 21. Qg4+ Kh8 22. g3 Ng6 23. Rad1 Be7 24. h4 Bf8 25. Nd5 Rxd5 26. Rxd5 Ne7 27. Rd3 Nxf5 28. exf5 Qc8 29. Red1 Bd6 30. Qe4 Rg8 31. g4 Qf8 32. Kg2 b6 33. Rg3 Qh6 34. Rh1 Qf4 35. Qxf4 exf4 36. Rd3 Rxg4+ 37. Kf3 Rg8 38. Ra1 Re8 39. Rxa6 Re5 40. Rxd6 cxd6 41. Rxb6 Rd5 42. Kxf4 Rd2 43. Ke3 Rd1 44. b5 Kg7 45. Rc6 Re1+ 46. Kd2 Re5 47. b6 Rb5 48. b4 d5 49. Kd3 Kh6 50. Rxf6+ Kh5 51. Rxf7 Rxb6 52. Rxh7+ Kg4 53. Kd4 Rc6 54. f6 1/2-1/2

[Event "Dos Hermanas op 5th"]
[Site "Dos Hermanas"]
[Date "2006.04.07"]
[Round "9"]
[White "Dias, Paulo Jorge Guimara"]
[Black "Oviedo Rodriguez, Miguel Angel"]
[Result "1-0"]
[WhiteElo "2370"]
[BlackElo "2080"]
[PlyCount "79"]
[EventDate "2006.03.30"]
[EventType "swiss"]
[EventRounds "9"]
[EventCountry "ESP"]
[SourceTitle "CBM 111 Extra"]
[Source "ChessBase"]
[SourceDate "2006.05.09"]
[SourceVersion "1"]
[SourceVersionDate "2006.05.09"]
[SourceQuality "1"]

1. d4 Nf6 2. c4 c5 3. d5 b5 4. Nf3 d6 5. Qc2 Nbd7 6. e4 bxc4 7. Nc3 g6 8. Bxc4 Bg7 9. 0-0 0-0 10. Re1 Nb6 11. Bf1 Bb7 12. Bg5 h6 13. Bf4 Nh5 14. Be3 Nf6 15. Rad1 a6 16. h3 Re8 17. Bf4 g5 18. Bh2 g4 19. Nh4 gxh3 20. gxh3 Bc8 21. Ne2 Nh7 22. Nf5 Bxf5 23. exf5 Ng5 24. Bg2 Nd7 25. Kh1 Qb6 26. Nc3 Rab8 27. Re2 Qa5 28. Qc1 Qb4 29. Bf4 Bf6 30. Rg1 Kh8 31. Qe3 Ne5 32. Ne4 Nc4 33. Qg3 Rg8 34. Qh4 Nh7 35. Nxf6 exf6 36. Re4 Rge8 37. Bxh6 Qxb2 38. Rxc4 Qxa2 39. Bf3 Rg8 40. Rcg4 1-0